|
|
|
|
| LEADER |
01929nam a2200457 i 4500 |
| 001 |
EBC4625615 |
| 003 |
MiAaPQ |
| 005 |
20200520144314.0 |
| 006 |
m o d | |
| 007 |
cr cnu|||||||| |
| 008 |
160901t20162016si a o 001 0 eng d |
| 020 |
|
|
|z 9789814751995
|
| 020 |
|
|
|a 9789814771269 (e-book)
|
| 035 |
|
|
|a (MiAaPQ)EBC4625615
|
| 035 |
|
|
|a (Au-PeEL)EBL4625615
|
| 035 |
|
|
|a (CaPaEBR)ebr11244658
|
| 035 |
|
|
|a (OCoLC)956398783
|
| 040 |
|
|
|a MiAaPQ
|b eng
|e rda
|e pn
|c MiAaPQ
|d MiAaPQ
|
| 043 |
|
|
|a a------
|
| 050 |
|
4 |
|a HD70.A7
|b .T36 2016
|
| 082 |
0 |
|
|a 658.0095
|2 23
|
| 100 |
1 |
|
|a Tan, BH,
|e author.
|
| 245 |
1 |
4 |
|a The first-time manager in Asia :
|b maximizing your success by blending East and West best practices /
|c BH Tan ; cover design Bernard Go, Kwang Meng.
|
| 250 |
|
|
|a Revised and updated.
|
| 264 |
|
1 |
|a Singapore :
|b Marshall Cavendish Business,
|c 2016.
|
| 264 |
|
4 |
|c 2016
|
| 300 |
|
|
|a 1 online resource (183 pages) :
|b illustrations
|
| 336 |
|
|
|a text
|2 rdacontent
|
| 337 |
|
|
|a computer
|2 rdamedia
|
| 338 |
|
|
|a online resource
|2 rdacarrier
|
| 500 |
|
|
|a Includes index.
|
| 588 |
|
|
|a Description based on online resource; title from PDF title page (ebrary, viewed August 31, 2016).
|
| 590 |
|
|
|a Electronic reproduction. Ann Arbor, MI : ProQuest, 2016. Available via World Wide Web. Access may be limited to ProQuest affiliated libraries.
|
| 650 |
|
0 |
|a Management
|z Asia.
|
| 650 |
|
0 |
|a Personnel management
|z Asia.
|
| 655 |
|
4 |
|a Electronic books.
|
| 700 |
1 |
|
|a Go, Bernard,
|e book designer.
|
| 700 |
1 |
|
|a Meng, Kwang,
|e book designer.
|
| 776 |
0 |
8 |
|i Print version:
|a Tan, BH.
|t First-time manager in Asia : maximizing your success by blending East and West best practices.
|d Singapore : Marshall Cavendish Business, c2016
|h approxiamately 183 pages
|z 9789814751995
|
| 797 |
2 |
|
|a ProQuest (Firm)
|
| 856 |
4 |
0 |
|u https://ebookcentral.proquest.com/lib/matrademy/detail.action?docID=4625615
|z Click to View
|